| 000 | 01030nam a22002537a 4500 | ||
|---|---|---|---|
| 005 | 20180618095812.0 | ||
| 010 | _a1516EN07 ENG-114518 | ||
| 020 |
_a9788121930765 _c825.00 |
||
| 035 | _aEN-98050 | ||
| 035 | _aB-612598A-616A | ||
| 037 | _bTechniz | ||
| 037 | _bDBAD/PUB | ||
| 082 | _a657.42 | ||
| 100 | _aTulsian, P.C. | ||
| 245 |
_aTulsian's Quick revision for cost accounting for CA-IPC (group-1) : _cby P.C. Tulsian [and] Bharat Tulsian _bSupplement to the main textbook Tulsian's cost accounting for CA-IPC(Group-I)/ |
||
| 250 | _arev. ed | ||
| 260 |
_aNew Delhi _bS.Chand _c2015 |
||
| 270 |
_a7361, Ram Nagar _bNew Delhi _e110055 |
||
| 300 |
_avarious pagings _c24cm(pbk) |
||
| 500 | _aSupplement to the main textbook Tulsian's cost accounting for CA-IPC(Group-I) | ||
| 700 | _aTulsian, Bharat | ||
| 942 |
_2ddc _cEN _h657.42 _mTUL |
||
| 999 |
_c99430 _d99430 |
||